000 00591nam a22001457a 4500
020 _a978-0-553-81640-2
082 _a823
_bSAS/M
100 _aSASSON,JEAN
245 _aMAYADA
260 _aLONDON
_bBANTAM BOOK
300 _a413
520 _aA member of one of the most distinguished and honored families in Iraq, Mayada grew up surrounded by wealth and royalty. But when Saddam Hussein's regime took power, she was thrown into cell 52 in the infamous Baladiyat prison with seventeen other nameless, faceless women from all walks of life.
650 _aNOVEL ENGLISH
_zLONDON
942 _cBK
999 _c3277
_d3277